000
00275nam a2200121Ia 4500
005
20251222140040.0
008
251222s1900||||xx |||||||||||||| ||spa||
082
_a
121/B92
100
_a
Bunge, Mario
245
0
_a
Epistemología:
264
_b
Ciencias Sociales
942
_c
LIB
999
_c
3270
_d
3270